| 000 | 00736nab a2200193 4500 | ||
|---|---|---|---|
| 001 | 244442 | ||
| 003 | OSt | ||
| 005 | 20241121092403.0 | ||
| 007 | tu | ||
| 008 | 200917s2020||||||| | ||
| 040 |
_aDE-2950 _cDE-2950 |
||
| 245 | 0 | 0 |
_aKabarettistisches Krippenspiel _bKultur. Das neue Weihnachtsprogramm der Oderhähne feierte am Sonnabend im Rathauskeller erfolgreich Premiere. Nach den turbulenten Ereignissen in Berlin der letzten Tage musste das Drehbuch kurzfristig nochmal aktualisiert werden/ _cJörg Kotterba |
| 264 | _c2024 | ||
| 653 | _aFrankfurt (Oder) | ||
| 653 | _a"Oderhähne" | ||
| 653 | _aWeihnachtsprogramm | ||
| 773 | 0 |
_g35. Jahrgang (2024) Nr. 264 vom 12.11.2024, S. 17 mit Foto _tMärkische Oderzeitung |
|
| 942 |
_2z _cA |
||
| 999 |
_c373465 _d373465 |
||